| 000 | 00514nam a22001937a 4500 | ||
|---|---|---|---|
| 003 | KOHA_MİRAKIL | ||
| 005 | 20251221130008.0 | ||
| 008 | 251221b tu ||||| |||| 00| 0 tur d | ||
| 020 | _a9789752500280 | ||
| 040 |
_aTR-AnABB _btur _cTR-AnABB |
||
| 041 | _atur | ||
| 082 |
_a351.001 _bWEB 2020 |
||
| 100 | 1 | _aWeber, Max, | |
| 245 | 1 | 0 |
_aBürokrasi ve otorite / _cMax Weber |
| 260 |
_aAnkara : _bAdres Yayınları, _c2020 |
||
| 300 |
_a107 sayfa ; _c19 cm |
||
| 650 | 0 | 4 | _aBürokrasi |
| 942 |
_2ddc _cBK |
||
| 999 |
_c9826 _d9826 |
||
| 900 | _bGizem YORULMAZ | ||